100 suosituinta miesten nimeä alkukirjaimella B - Statistics

Yleistilastot
  • Tätä visaa on pelattu 179 kertaa
  • Keskiarvotulos 26 / 100
Vastaustilastot
% Oikein
Ben
98%
Ba
96%
Bo
94%
Benjam
92%
Benjami
92%
Benjamin
91%
Benyamin
91%
Bernd
86%
Berndt
86%
Bernt
86%
Bert
86%
Bill
75%
Björn
64%
Bjørn
64%
Billy
59%
Boris
58%
Bengt
57%
Bertel
56%
Bertil
56%
Beni
55%
Benny
55%
Bob
49%
Börje
45%
Birger
43%
Benhard
40%
Bernard
40%
Bernhard
40%
Bin
40%
Binh
40%
Bror
39%
Bjarne
36%
Bobby
36%
Bruno
36%
Bruuno
36%
Brian
34%
Bryan
34%
Bror-Erik
31%
Bo-Erik
30%
Bastian
28%
Boy
28%
Brandon
24%
Barry
23%
Basil
18%
Bruce
18%
Brynolf
18%
Béla
15%
Bao
14%
Birk
14%
Bile
13%
Bradley
13%
Brendan
11%
Benito
9%
Bennet
9%
Blake
9%
Benedict
8%
Benedikt
8%
Bore
8%
Bogdan
7%
Bo-Göran
5%
Buster
5%
Baran
4%
Bashar
4%
Bashiir
4%
Bashir
4%
Belal
4%
Bilaal
4%
Bilal
4%
Baris
3%
Berk
3%
Björnson
3%
Björnsson
3%
Bengtsson
2%
Brahim
2%
Babak
1%
Bahram
1%
Bakr
1%
Barham
1%
Basilius
1%
Basim
1%
Bassam
1%
Bekim
1%
Bekir
1%
Bernardo
1%
Brage
1%
Burak
1%
Badr
0%
Bahaa
0%
Bahadur
0%
Bahman
0%
Bajram
0%
Bayram
0%
Berat
0%
Besart
0%
Besim
0%
Besnik
0%
Blerim
0%
Blessing
0%
Bujar
0%
Bülent
0%
Burhan
0%
Ehtoja vastaavia visoja ei löytynyt
Tulosjakauma
Jokaisen tuloksen saaneiden osuus
Persentiili vastausten määrän mukaan
Tuloshistoriasi
Et ole pelannut tätä visaa